000 00295nam a2200109Ia 4500
008 220204s9999 xx 000 0 und d
082 _a338.45(540)
_bRAO
100 _aRao, R V
245 0 _aSmall industries and the developing economy in India
260 _aNew Delhi
_bConcept
_c1979
942 _cBK
999 _c36601
_d36601